| 000 | 00475nam a22001937a 4500 | ||
|---|---|---|---|
| 003 | MPLRDC | ||
| 005 | 20220104160647.0 | ||
| 008 | 210129b ||||| |||| 00| 0 eng d | ||
| 020 | _a7-80631-258-7 | ||
| 082 | _a859.3 ZMN v.1 | ||
| 100 | _a张美妮主编 | ||
| 245 |
_a填海的小鸟 _c |
||
| 250 | _a一版二刷 | ||
| 260 |
_a中国 _b接力出版社 _c1998 |
||
| 300 | _b平 | ||
| 490 | _a经典神话传说 | ||
| 650 | _a儿童故事 | ||
| 942 |
_cBK _o859.3 ZMN v.1 |
||
| 999 |
_c55104 _d55094 |
||